Fluid mechanics (Record no. 65107)

000 -LEADER
fixed length control field 00407nam a22001697a 4500
003 - CONTROL NUMBER IDENTIFIER
control field NUST - PNEC
005 - DATE AND TIME OF LATEST TRANSACTION
control field 20170116180906.0
008 - FIXED-LENGTH DATA ELEMENTS--GENERAL INFORMATION
fixed length control field 150902b xxu||||| |||| 00| 0 eng d
020 ## - INTERNATIONAL STANDARD BOOK NUMBER
International Standard Book Number -
040 ## - CATALOGING SOURCE
Transcribing agency LIBRARY
082 ## - DEWEY DECIMAL CLASSIFICATION NUMBER
Classification number 620.10 CEN
100 ## - MAIN ENTRY--PERSONAL NAME
9 (RLIN) 6672
Personal name Cengel, Yunus A.
245 ## - TITLE STATEMENT
Title Fluid mechanics
Statement of responsibility, etc. Yunus A. Cengel
260 ## - PUBLICATION, DISTRIBUTION, ETC.
Date of publication, distribution, etc. -
650 ## - SUBJECT ADDED ENTRY--TOPICAL TERM
9 (RLIN) 6677
Topical term or geographic name entry element Mechanical Engineering
General subdivision ME
942 ## - ADDED ENTRY ELEMENTS (KOHA)
Source of classification or shelving scheme
Koha item type Book
Holdings
Withdrawn status Lost status Source of classification or shelving scheme Damaged status Not for loan Permanent Location Current Location Shelving location Date acquired Total Checkouts Full call number Barcode Date last seen Price effective from Koha item type
          Pakistan Navy Engineering College (PNEC) Pakistan Navy Engineering College (PNEC)       620.10 CEN PNECLIB-030175 09/02/2015   Book
© 2023 Central Library, National University of Sciences and Technology. All Rights Reserved.